Statistics for Countries of the Japanese Empire before WW2

Click here to take the quiz!

General Stats

  • This quiz has been taken 187 times
  • The average score is 7 of 10

Answer Stats

Countries% Correct
China
98%
North Korea
88%
South Korea
88%
Taiwan
82%
Russia
78%
Japan
76%
Palau
61%
United States
59%
Federated States of Micronesia
58%
Marshall Islands
51%

Score Distribution

Percentile by Number Answered

Percent of People with Each Score

Your Score History

You have not taken this quiz